000
00259nam a2200109Ia 4500
008
190216s9999||||xx |||||||||||||| ||und||
100
_a
Maheswari S N
245
0
_a
Problems And Solutions Cost Accounting
260
_b
Null
_c
1985
300
_a
1229p
942
_c
BK
999
_c
5225
_d
5225